Klasickí ekonómovia a genéza vývoja princípu komparatívnych výhod

Gespeichert in:
Bibliographische Detailangaben
1. Verfasser: Grančay, Martin, 1984-2024
Körperschaft: Ekonomická univerzita v Bratislave. Fakulta medzinárodných vzťahov
Weitere Verfasser: Lipková, Ľudmila, Neumann, Pavel
Format: Buch
Sprache:Slowakisch
Veröffentlicht: Bratislava Vydavateľstvo EKONÓM 2013
Ausgabe:1. vyd.
Schlagworte:
Tags: Tag hinzufügen
Keine Tags, Fügen Sie das erste Tag hinzu!

MARC

LEADER 00000nam a2200000 4500
001 0175554
005 20240502073008.8
020 |a 978-80-225-3653-0 
041 0 |a slo 
044 |a SK 
245 1 0 |a Klasickí ekonómovia a genéza vývoja princípu komparatívnych výhod  |c Martin Grančay ; recenzenti Ľudmila Lipková, Pavel Neumann 
250 |a 1. vyd. 
264 1 |a Bratislava  |b Vydavateľstvo EKONÓM  |c 2013 
300 |a 63 s. [3,82 AH] 
610 2 0 |a výhody komparatívne 
610 2 0 |a veda ekonomická 
610 2 0 |a teórie ekonomické 
100 1 |a Grančay, Martin, 1984-2024 
700 1 |a Lipková, Ľudmila 
700 1 |a Neumann, Pavel 
710 2 |a Ekonomická univerzita v Bratislave. Fakulta medzinárodných vzťahov